AFRICA IN TRANSFORMATION: (Record no. 9776)

MARC details
000 -LEADER
fixed length control field 00485nam a22001577a 4500
003 - CONTROL NUMBER IDENTIFIER
control field OSt
005 - DATE AND TIME OF LATEST TRANSACTION
control field 20260512152709.0
008 - FIXED-LENGTH DATA ELEMENTS--GENERAL INFORMATION
fixed length control field 260512b |||||||| |||| 00| 0 eng d
020 ## - INTERNATIONAL STANDARD BOOK NUMBER
International Standard Book Number 1919799311
040 ## - CATALOGING SOURCE
Transcribing agency IRDP
082 ## - DEWEY DECIMAL CLASSIFICATION NUMBER
Classification number 320.909 6 AFR
245 ## - TITLE STATEMENT
Title AFRICA IN TRANSFORMATION:
Remainder of title POLITICAL AND ECONOMIC TRANSFORMATIONS AND SOCIO-ECONOMIC DEVELOPMENT RESPONSES IN AFRICA
Medium VOLUME ONE
260 ## - PUBLICATION, DISTRIBUTION, ETC. (IMPRINT)
Place of publication, distribution, etc. ETHIOPIA;
Name of publisher, distributor, etc. OSSREA,
Date of publication, distribution, etc. 2000.
700 ## - ADDED ENTRY--PERSONAL NAME
Personal name PRAH, K.K., AHMED, A.G.M.
942 ## - ADDED ENTRY ELEMENTS (KOHA)
Source of classification or shelving scheme Dewey Decimal Classification
Koha item type BOOKS
Holdings
Withdrawn status Lost status Source of classification or shelving scheme Damaged status Not for loan Home library Current library Shelving location Date acquired Total Checkouts Full call number Barcode Date last seen Price effective from Koha item type
    Dewey Decimal Classification     Dodoma Dodoma Ground Floor 12/05/2026   320.909 6 AFR LIB003711 12/05/2026 12/05/2026 BOOKS

IRDP © 2021 :: Managed by ICT Team